000 00309nam a22001337a 4500
008 181101b xxu||||| |||| 00| 0 eng d
020 _a9780321676481
041 _aeng
080 _24th
_a574
100 _a9
101 _aMJE
245 _aEarth Resources and the Environment
_cCraig, J.R
942 _2udc
_cBK
999 _c51530
_d51530